[Event "Ostrava op"]
[Site "Ostrava"]
[Date "2010.05.09"]
[Round "9"]
[White "Zinglar, David"]
[Black "Rakus, Pavel"]
[Result "0-1"]
[WhiteElo "1980"]
[BlackElo "2130"]
[PlyCount "70"]
[EventDate "2010.05.01"]
[EventType "swiss"]
[EventRounds "9"]
[EventCountry "CZE"]
[SourceTitle "EXT 2011"]
[Source "ChessBase"]
[SourceDate "2010.11.26"]
[SourceVersion "1"]
[SourceVersionDate "2010.11.26"]
[SourceQuality "1"]

1. e4 c5 2. Nf3 Nc6 3. d4 cxd4 4. Nxd4 Nf6 5. Nc3 e5 6. Ndb5 d6 7. Bg5 a6 8. Na3 b5 9. Nd5 Be7 10. Nxe7 Nxe7 11. Bxf6 gxf6 12. Qf3 f5 13. exf5 Bxf5 14. Bd3 Bxd3 15. Qxd3 Qa5+ 16. c3 d5 17. Nc2 Qb6 18. Ne3 Rd8 19. 0-0 0-0 20. a4 f5 21. axb5 axb5 22. Ra3 f4 23. Nc2 e4 24. Qd4 Qg6 25. Rfa1 Nf5 26. Qd1 Nh4 27. Ne1 Qg5 28. Ra7 Rd6 29. R1a6 Rxa6 30. Rxa6 f3 31. g3 e3 32. Qd4 Ng6 33. h4 Nxh4 34. Qxh4 exf2+ 35. Kxf2 Qd2+ 0-1

[Event "Ostrava op"]
[Site "Ostrava"]
[Date "2010.05.07"]
[Round "7"]
[White "Zinglar, David"]
[Black "Cempel, Jaroslav"]
[Result "0-1"]
[WhiteElo "1980"]
[BlackElo "2285"]
[PlyCount "134"]
[EventDate "2010.05.01"]
[EventType "swiss"]
[EventRounds "9"]
[EventCountry "CZE"]
[SourceTitle "EXT 2011"]
[Source "ChessBase"]
[SourceDate "2010.11.26"]
[SourceVersion "1"]
[SourceVersionDate "2010.11.26"]
[SourceQuality "1"]

1. e4 d5 2. exd5 Qxd5 3. Nc3 Qd6 4. d4 Nf6 5. Nf3 a6 6. Be3 Nc6 7. Qd2 Bf5 8. Bd3 Bxd3 9. Qxd3 Nb4 10. Qd2 Nbd5 11. Nxd5 Nxd5 12. 0-0 e6 13. c4 Nxe3 14. Qxe3 Be7 15. Rad1 0-0 16. d5 Rad8 17. g3 Bf6 18. b3 c6 19. c5 Qd7 20. d6 Rfe8 21. Ne5 Bxe5 22. Qxe5 f6 23. Qc3 e5 24. Qc4+ Qf7 25. Qxf7+ Kxf7 26. Rfe1 a5 27. a3 g5 28. f3 h5 29. g4 hxg4 30. fxg4 Rh8 31. Kg2 Ke6 32. h3 Rb8 33. b4 axb4 34. axb4 Rh7 35. Re3 b6 36. b5 Rc8 37. Rc3 bxc5 38. Rxc5 Rd7 39. bxc6 Rxd6 40. Rdc1 Rc7 41. R5c3 Rd4 42. Kg3 Rd2 43. h4 gxh4+ 44. Kxh4 Rd6 45. Kg3 Kf7 46. Rc4 Kg6 47. R1c3 Rd1 48. Rb3 Rd6 49. Rbc3 Kf7 50. Kf3 Ke8 51. Ke4 Rd1 52. Rf3 Ke7 53. Kf5 Rd6 54. Rfc3 Re6 55. g5 fxg5 56. Kxg5 Rf6 57. Rd3 Rf1 58. Rc5 Ke6 59. Rd7 Rc8 60. Kg6 Rg1+ 61. Kh7 Rxc6 62. Re7+ Kxe7 63. Rxc6 e4 64. Kh6 e3 65. Rc3 Kf6 66. Kh5 Kf5 67. Kh4 Ke5 0-1

[Event "Ostrava op"]
[Site "Ostrava"]
[Date "2010.05.03"]
[Round "3"]
[White "Sochor, Stanislav"]
[Black "Zinglar, David"]
[Result "0-1"]
[WhiteElo "2110"]
[BlackElo "1980"]
[PlyCount "80"]
[EventDate "2010.05.01"]
[EventType "swiss"]
[EventRounds "9"]
[EventCountry "CZE"]
[SourceTitle "EXT 2011"]
[Source "ChessBase"]
[SourceDate "2010.11.26"]
[SourceVersion "1"]
[SourceVersionDate "2010.11.26"]
[SourceQuality "1"]

1. d4 Nf6 2. Nf3 c5 3. e3 e6 4. Bd3 d5 5. b3 Nc6 6. 0-0 Be7 7. Nbd2 0-0 8. Bb2 b6 9. Ne5 Bb7 10. f4 Rc8 11. c3 cxd4 12. exd4 Ne8 13. Qe2 g6 14. g4 Ng7 15. Rf2 f5 16. g5 Nxe5 17. Qxe5 Bd6 18. Qe3 Qc7 19. Be2 Kf7 20. b4 Rh8 21. Rc1 h6 22. c4 Qb8 23. c5 Bc7 24. gxh6 Rxh6 25. Nb3 Rch8 26. Rc3 Rxh2 27. Rxh2 Rxh2 28. Bc1 Rh4 29. Qg3 Rh7 30. Be3 Bc8 31. b5 bxc5 32. dxc5 e5 33. Qg2 d4 34. Nxd4 exd4 35. Bxd4 Bxf4 36. c6 Ne6 37. Bc4 Rh2 38. Qd5 Rd2 39. Qd8 Be3+ 40. Kf1 Qf4+ 0-1

[Event "Ostrava op"]
[Site "Ostrava"]
[Date "2009.05.04"]
[Round "3"]
[White "Tyn, Marek"]
[Black "Zinglar, David"]
[Result "1-0"]
[WhiteElo "1695"]
[BlackElo "1960"]
[PlyCount "53"]
[EventDate "2009.05.02"]
[EventType "swiss"]
[EventRounds "9"]
[EventCountry "CZE"]
[SourceTitle "EXT 2011"]
[Source "ChessBase"]
[SourceDate "2010.11.26"]
[SourceVersion "1"]
[SourceVersionDate "2010.11.26"]
[SourceQuality "1"]

1. e4 c5 2. Nf3 d6 3. d4 cxd4 4. Nxd4 Nf6 5. Nc3 a6 6. Be3 b5 7. a4 b4 8. Nd5 Nxe4 9. Nb5 e6 10. Nbc7+ Kd7 11. Nxa8 exd5 12. Qxd5 Nf6 13. Qxf7+ Be7 14. Nb6+ Kc7 15. Nxc8 Kxc8 16. Qc4+ Kd7 17. Qxb4 Ke8 18. Bxa6 Kf7 19. Qb3+ d5 20. Bd3 Rf8 21. a5 Ng4 22. a6 Nxe3 23. fxe3 Nc6 24. Rf1+ Kg8 25. Rxf8+ Kxf8 26. a7 Bb4+ 27. Qxb4+ 1-0